书目信息 |
| 题名: |
别跟日子较劲
|
|
| 作者: | 郑又植 著 ;王佳 译 | |
| 分册: | ||
| 出版信息: | 北京 北京理工大学出版社 2015 |
|
| 页数: | 12,228页 | |
| 开本: | 24cm | |
| 丛书名: | ||
| 单 册: | ||
| 中图分类: | TS976.15-49 | |
| 科图分类: | ||
| 主题词: | 家庭管理--财务管理--普及读物 | |
| 电子资源: | ||
| ISBN: | 978-7-5682-0266-4 | |
| 000 | 01096nam0 2200265 450 | |
| 001 | 012001003380 | |
| 005 | 20140926114740.0 | |
| 010 | @a978-7-5682-0266-4@dCNY35.00 | |
| 100 | @a20151126d2015 em y0chiy0110 ea | |
| 101 | 1 | @achi@ckor |
| 102 | @aCN@b110000 | |
| 105 | @aa z 000yy | |
| 106 | @ar | |
| 200 | 1 | @a别跟日子较劲@9bie gen ri zi jiao jin@e如何在金钱世界中获得真正的自由@dStop rivaling with life@ehow to get real freedom in the world of money@f(韩)郑又植著@g王佳译@zeng |
| 210 | @a北京@c北京理工大学出版社@d2015 | |
| 215 | @a12,228页@c图@d24cm | |
| 330 | @a本书从金钱与文明、金钱与人生、金钱与教育、金钱与心理等多个角度介绍了人的生活与金钱的关系。 | |
| 510 | 1 | @aStop rivaling with life@ehow to get real freedom in the world of money@zeng |
| 517 | 1 | @a如何在金钱世界中获得真正的自由@9ru he zai jin qian shi jie zhong huo de zhen zheng de zi you |
| 606 | 0 | @a家庭管理@x财务管理@j普及读物 |
| 690 | @aTS976.15-49@v5 | |
| 701 | 0 | @c(韩)@a郑又植@9zheng you zhi@4著 |
| 702 | 0 | @a王佳@9wang jia@4译 |
| 801 | 0 | @aCN@b上海新华@c20180901 |
| 905 | @b1162731-5@dTS976.15-49@e502@f5 | |
| 别跟日子较劲:如何在金钱世界中获得真正的自由=Stop rivaling with life:how to get real freedom in the world of money/(韩)郑又植著/王佳译.-北京:北京理工大学出版社,2015 |
| 12,228页:图;24cm |
| ISBN 978-7-5682-0266-4:CNY35.00 |
| 本书从金钱与文明、金钱与人生、金钱与教育、金钱与心理等多个角度介绍了人的生活与金钱的关系。 |
| ● |
| 相关链接 |
|
|
|
|
正题名:别跟日子较劲
索取号:TS976.15-49/502
 
预约/预借
| 序号 | 登录号 | 条形码 | 馆藏地/架位号 | 状态 | 备注 |
| 1 | 1162731 | 211627319 | 第二样本阅览室/ [索取号:TS976.15-49/502] | 在馆 | |
| 2 | 1162732 | 211627328 | 第三借阅区/ [索取号:TS976.15-49/502] | 在馆 | |
| 3 | 1162733 | 211627337 | 第三借阅区/ [索取号:TS976.15-49/502] | 在馆 | |
| 4 | 1162734 | 211627346 | 第三借阅区/ [索取号:TS976.15-49/502] | 在馆 | |
| 5 | 1162735 | 211627355 | 第三借阅区/ [索取号:TS976.15-49/502] | 在馆 |